Supply Chain Management in African Agriculture : (Record no. 5954)
[ view plain ]
| 000 -LEADER | |
|---|---|
| fixed length control field | 00749nam a22002177a 4500 |
| 003 - CONTROL NUMBER IDENTIFIER | |
| control field | OSt |
| 005 - DATE AND TIME OF LATEST TRANSACTION | |
| control field | 20260203112410.0 |
| 008 - FIXED-LENGTH DATA ELEMENTS--GENERAL INFORMATION | |
| fixed length control field | 260203b |||||||| |||| 00| 0 eng d |
| 020 ## - INTERNATIONAL STANDARD BOOK NUMBER | |
| International Standard Book Number | 9783030542085 |
| 040 ## - CATALOGING SOURCE | |
| Original cataloging agency | KABLIB |
| Transcribing agency | KABLIB |
| 082 ## - DEWEY DECIMAL CLASSIFICATION NUMBER | |
| Edition number | 23 |
| Classification number | 338.1096 |
| Item number | ALH |
| 100 ## - MAIN ENTRY--PERSONAL NAME | |
| Personal name | Alhassan, Abdul Razak |
| 9 (RLIN) | 15027 |
| 245 ## - TITLE STATEMENT | |
| Title | Supply Chain Management in African Agriculture : |
| Remainder of title | innovative approaches to commodity value chains / |
| Statement of responsibility, etc. | Abdul Razak Alhassan ,Mamudu Abungu Akudugu |
| 260 ## - PUBLICATION, DISTRIBUTION, ETC. | |
| Place of publication, distribution, etc. | Switzerland : |
| Name of publisher, distributor, etc. | Palgrave Macmillan ; |
| Date of publication, distribution, etc. | c2020 . |
| 300 ## - PHYSICAL DESCRIPTION | |
| Extent | xx ,173p. ; |
| Other physical details | ill. ; |
| Dimensions | 22cm |
| 504 ## - BIBLIOGRAPHY, ETC. NOTE | |
| Bibliography, etc. note | Includes references, Index. |
| 650 ## - SUBJECT ADDED ENTRY--TOPICAL TERM | |
| Topical term or geographic name entry element | Agricultural economics |
| 9 (RLIN) | 15028 |
| 700 ## - ADDED ENTRY--PERSONAL NAME | |
| Personal name | Akudugu ,Mamudu Abunga |
| 9 (RLIN) | 15029 |
| 856 ## - ELECTRONIC LOCATION AND ACCESS | |
| Uniform Resource Identifier | <a href="9783030542092">9783030542092</a> |
| 942 ## - ADDED ENTRY ELEMENTS (KOHA) | |
| Source of classification or shelving scheme | Dewey Decimal Classification |
| Koha item type | Book |
| Withdrawn status | Lost status | Source of classification or shelving scheme | Damaged status | Not for loan | Home library | Current library | Shelving location | Date acquired | Source of acquisition | Total Checkouts | Full call number | Barcode | Date last seen | Price effective from | Koha item type |
|---|---|---|---|---|---|---|---|---|---|---|---|---|---|---|---|
| Dewey Decimal Classification | Education Library | Mukombe Library | Open Access Section | 03.02.2026 | purchased | 338.1096 ALH | 14039 | 03.02.2026 | 03.02.2026 | Book | |||||
| Dewey Decimal Classification | Education Library | Education Library | Open Access Section | 03.02.2026 | purchased | 338.1096 ALH | 14040 | 03.02.2026 | 03.02.2026 | Book | |||||
| Dewey Decimal Classification | Education Library | Education Library | Open Access Section | 03.02.2026 | purchased | 338.1096 ALH | 14041 | 03.02.2026 | 03.02.2026 | Book |